000 00489nam a2200169Ia 4500
003 GCL
008 140319s9999 xx 000 0 ara d
040 _aGCL /
_cGCL
082 0 4 _a813.03
_bج ر
100 1 _aجمال الغيطانى
245 1 0 _aرسالة البصائرفى المصائر /
_cجمال الغيطانى
300 _a274 ص
490 _aروايات الهلال
_v0
650 0 4 _aالادب العربى
650 0 4 _aالقصص العربية
942 _2ddc
_cBK
999 _c47002
_d47002